000 00780nam a22002417a 4500
003 DO-SdBPM
005 20241129083348.0
008 171123b2001 ck a | 00| 0 spa d
020 _a9507712836
040 _aDO-SdBPM
_bspa
_cBPMSU
082 4 _aA861.5
_bH557M 2001
_222
100 1 _aHernández, José
_d1834-1886.
245 1 0 _aMartín Fierro /
_cJosé Hernández
260 _aColombia :
_bCultural Librera Americana,
_c2001.
300 _a320 p. :
_bil. ;
_c33 cm.
500 _aIncluye apéndice con estudio críticos, análisis y comentarios sobre la obra
500 _aIncluye vocabulario y notas
590 _aInventariado, 2024/VM
650 4 _aPoesía argentina
650 4 _aGauchos
_vPoesías
910 _aVMateo V. Control de calidad. BPMSU
942 _2ddc
_cBK
999 _c13058
_d13058